000 00450nam a2200169 4500
007 0000
008 0000
040 _aUOELD
050 _aQC777
_b.H37
100 _aHarvey, Bernard
245 _aIntroduction to nuclear physics and chemistry
_cBernard, G. Harvey
260 _aNew Jersey :
_bPrentice Hall, Inc;
_c1962
300 _ax, 370 p. :
_bill :
500 _aIncludes Index
650 _aPhysics
_xNuclear physics
_xChemistry
942 _2lcc
_cLL
999 _c3291
_d3291